| 000 | 00403nam a2200169Ia 4500 | ||
|---|---|---|---|
| 008 | 230524s9999 xx 000 0 und d | ||
| 020 | _a8121903459 | ||
| 082 |
_a510 _bBAS |
||
| 100 | _aH.K.Dass | ||
| 245 | 0 | _aAdvanced Engineering Mathematics | |
| 250 | _a1ST | ||
| 260 |
_aNEW DELHI _bS.Chand _c2004 |
||
| 300 | _aXVI;1152 | ||
| 500 | _aQuantity Number: 95 | ||
| 650 | _aMathematics | ||
| 942 | _cBK | ||
| 999 |
_c1563 _d1563 |
||